Fascinating temples of India / (Record no. 177375)
[ view plain ]
| 000 -LEADER | |
|---|---|
| fixed length control field | 01006nam a22002297a 4500 |
| 005 - DATE AND TIME OF LATEST TRANSACTION | |
| control field | 20210407160639.0 |
| 010 ## - LCCN (DPL NO) | |
| LC control number | B-739315-317 B-739722 |
| 020 ## - INTERNATIONAL STANDARD BOOK NUMBER | |
| International Standard Book Number | 9789384925284 |
| Terms of availability | 400.00 |
| 035 ## - SYSTEM CONTROL NUMBER | |
| System control number | B-739315-317 |
| 035 ## - SYSTEM CONTROL NUMBER | |
| System control number | B-739722 |
| 037 ## - SOURCE OF ACQUISITION | |
| Source of stock number/acquisition | Shivalik Publications |
| 037 ## - SOURCE OF ACQUISITION | |
| Source of stock number/acquisition | Gift |
| 082 ## - DEWEY DECIMAL CLASSIFICATION NUMBER | |
| Classification number | 230.8 |
| 100 ## - MAIN ENTRY--PERSONAL NAME | |
| Personal name | Sharma, Asha |
| 245 ## - TITLE STATEMENT | |
| Title | Fascinating temples of India / |
| Statement of responsibility, etc | by Asha Sharma |
| 260 ## - PUBLICATION, DISTRIBUTION, ETC. (IMPRINT) | |
| Name of publisher, distributor, etc | Shivalik Publications |
| Place of publication, distribution, etc | Delhi |
| Date of publication, distribution, etc | 2020 |
| 270 ## - ADDRESS | |
| Address | 21-D, Pocket-I, New Kondli, MIG Flats, Mayur Vihar, Phase-3 |
| City | Delhi |
| Postal code | 110096 |
| 300 ## - PHYSICAL DESCRIPTION | |
| Extent | 150p.: |
| Dimensions | 23cm(Hb) |
| Other physical details | ill. |
| 942 ## - ADDED ENTRY ELEMENTS (KOHA) | |
| Source of classification or shelving scheme | Dewey Decimal Classification |
| Item type | Children Books |
| Call number suffix | SHA |
| Classification part | 230.8 |
| Withdrawn status | Lost status | Not for loan | Collection code | Home library | Current library | Date acquired | Source of acquisition | Cost, normal purchase price | Full call number | Barcode | Copy number | Cost, replacement price | Koha item type | Public note |
|---|---|---|---|---|---|---|---|---|---|---|---|---|---|---|
| Non-fiction | Central Library | Central Library | 07/04/2021 | Gift/Eng/05-04-2021 | 400.00 | 230.8 SHA | B-739722 | 1 | 400.00 | Children Books | Gift | |||
| Non-fiction | Mobile Library | Mobile Library | 23/03/2021 | Shivalik Publication/74/09-03-2021/30/03-03-2021/15-03-2021 | 400.00 | 230.8 SHA | B-739315 | 3 | 400.00 | Children Books | ||||
| Non-fiction | Mobile Library | Mobile Library | 23/03/2021 | Shivalik Publication/74/09-03-2021/30/03-03-2021/15-03-2021 | 400.00 | 230.8 SHA | B-739316 | 3 | 400.00 | Children Books | ||||
| Non-fiction | Mobile Library | Mobile Library | 23/03/2021 | Shivalik Publication/74/09-03-2021/30/03-03-2021/15-03-2021 | 400.00 | 230.8 SHA | B-739317 | 3 | 400.00 | Children Books |
